Healthy people healthy nation (Record no. 517832)
[ view plain ]
| 000 -LEADER | |
|---|---|
| fixed length control field | 00354nam a22001337a 4500 |
| 008 - FIXED-LENGTH DATA ELEMENTS--GENERAL INFORMATION | |
| fixed length control field | 210730b ||||| |||| 00| 0 eng d |
| 100 ## - MAIN ENTRY--PERSONAL NAME | |
| Personal name | Prasad, Urvashi |
| 245 ## - TITLE STATEMENT | |
| Title | Healthy people healthy nation |
| 260 ## - PUBLICATION, DISTRIBUTION, ETC. (IMPRINT) | |
| Place of publication, distribution, etc | Kurukshetra |
| 300 ## - PHYSICAL DESCRIPTION | |
| Extent | 69(5), Mar, 2021: p.10-16 |
| 773 ## - HOST ITEM ENTRY | |
| Main entry heading | Kurukshetra |
| 906 ## - LOCAL DATA ELEMENT F, LDF (RLIN) | |
| Subject DIP | HEALTH SERVICE - INDIA |
| 942 ## - ADDED ENTRY ELEMENTS (KOHA) | |
| Item type | Articles |
| Withdrawn status | Lost status | Source of classification or shelving scheme | Damaged status | Not for loan | Permanent location | Current location | Date acquired | Serial Enumeration / chronology | Barcode | Date last seen | Koha item type |
|---|---|---|---|---|---|---|---|---|---|---|---|
| Indian Institute of Public Administration | Indian Institute of Public Administration | 2021-07-30 | 69(5), Mar, 2021: p.10-16 | AR125062 | 2021-07-30 | Articles |
